| 000 | 00593nam a2200205Ia 4500 | ||
|---|---|---|---|
| 005 | 20250923145806.0 | ||
| 008 | 008 250917s9999 xx 000 0 eng d | ||
| 037 | _aTextual | ||
| 040 |
_aDSWL _beng _cDSWL |
||
| 041 |
_aeng _2eng |
||
| 084 |
_aY72:1OaV253, N88 _qDSWL |
||
| 100 |
_aPraharaj, D.M. _9838971 |
||
| 245 | 0 |
_aTribal movements and political history in India _cby D.M.Praharaj |
|
| 260 |
_aNew Delhi _bInter-India _c1988 |
||
| 300 | _a228p. | ||
| 365 |
_aINR _b205.00 |
||
| 925 | _g205.00 | ||
| 942 |
_cTEXL _hY72:1OaV253, N88 |
||
| 999 |
_c1455760 _d1455760 |
||